Pokémon préférés par type - Statistiques

Statistiques générales
  • Ce quiz a été pris 28 fois
  • Le résultat moyen est 35 sur 179
Statistiques - réponses
Hint Types Réponse % Correct
2 Electrik Pikachu
89%
1 Feu Dracaufeu
78%
1 Vol Dracaufeu
78%
1 Poison Ectoplasma
78%
2 Spectre Ectoplasma
78%
1 Plante Bulbizarre
72%
2 Poison Bulbizarre
72%
10 Poison Florizarre
67%
3 Vol Lugia
67%
2 Psy Lugia
67%
3 Psy Mew
67%
5 Psy Mewtwo
67%
6 Ténèbres Darkrai
56%
6 Vol Dracolosse
56%
6 Dragon Dracolosse
56%
1 Normal Evoli
56%
1 Combat Lucario
50%
1 Acier Lucario
50%
2 Vol Rayquaza
50%
2 Dragon Rayquaza
50%
5 Normal Ronflex
50%
1 Eau Amphinobi
44%
1 Ténèbres Amphinobi
44%
8 Vol Drattak
44%
9 Dragon Drattak
44%
8 Sol Groudon
44%
4 Plante Jungko
44%
9 Acier Pingoléon
44%
6 Eau Suicune
44%
8 Plante Celebi
39%
9 Psy Celebi
39%
9 Plante Germignon
39%
7 Psy Jirachi
39%
6 Acier Jirachi
39%
2 Ténèbres Noctali
39%
5 Feu Simiabraz
39%
3 Combat Simiabraz
39%
10 Fée Xerneas
39%
2 Normal Arceus
33%
6 Glace Artikodin
33%
3 Feu Braségali
33%
2 Combat Braségali
33%
1 Sol Carchacrok
33%
1 Dragon Carchacrok
33%
7 Spectre Giratina
33%
5 Eau Laggron
33%
3 Sol Laggron
33%
2 Fée Nymphali
33%
9 Electrik Pichu
33%
3 Eau Tiplouf
33%
7 Plante Torterra
33%
4 Sol Torterra
33%
8 Ténèbres Absol
28%
9 Glace Kyurem
28%
8 Eau Lokhlass
28%
3 Glace Lokhlass
28%
6 Psy Mentali
28%
4 Psy Métalosse
28%
4 Acier Métalosse
28%
1 Roche Tyranocif
28%
3 Ténèbres Tyranocif
28%
9 Ténèbres Yveltal
28%
8 Electrik Zekrom
28%
7 Feu Arcanin
22%
2 Eau Gobou
22%
6 Plante Phyllali
22%
10 Acier Solgaleo
22%
3 Plante Archéduc
17%
6 Spectre Archéduc
17%
1 Psy Gardevoir
17%
3 Fée Gardevoir
17%
2 Glace Givrali
17%
5 Plante Majaspic
17%
9 Feu Pyrobut
17%
8 Psy Victini
17%
9 Sol Zygarde
17%
2 Plante Brindibou
11%
4 Vol Brindibou
11%
2 Insecte Cizayox
11%
5 Acier Cizayox
11%
7 Normal Etouraptor
11%
6 Feu Félinferno
11%
7 Ténèbres Félinferno
11%
9 Vol Flambusard
11%
3 Roche Galeking
11%
7 Acier Galeking
11%
9 Eau Kaiminus
11%
2 Roche Lougaroc
11%
4 Eau Milobellus
11%
1 Spectre Mimiqui
11%
1 Fée Mimiqui
11%
7 Glace Momartik
11%
10 Sol Nidoking
11%
9 Poison Nidoking
11%
10 Vol Nostenfer
11%
4 Poison Nostenfer
11%
5 Dragon Trioxhydre
11%
5 Ténèbres Trioxhydre
11%
5 Fée Zacian
11%
10 Spectre Branette
6%
7 Insecte Brutapode
6%
6 Poison Brutapode
6%
7 Vol Bruyverne
6%
7 Dragon Bruyverne
6%
5 Vol Corvaillus
6%
3 Acier Corvaillus
6%
5 Sol Crocorible
6%
10 Ténèbres Crocorible
6%
7 Electrik Dedenne
6%
7 Fée Dedenne
6%
7 Roche Diancie
6%
5 Poison Ethernatos
6%
4 Spectre Exagide
6%
2 Acier Exagide
6%
10 Combat Gallame
6%
7 Poison Grotadmorv
6%
8 Feu Héricendre
6%
3 Spectre Lanssorien
6%
3 Dragon Lanssorien
6%
2 Sol Libégon
6%
4 Dragon Libégon
6%
2 Feu Lugulabre
6%
5 Spectre Lugulabre
6%
3 Electrik Luxray
6%
8 Spectre Marshadow
6%
10 Normal Métamorph
6%
10 Eau Moustillon
6%
8 Dragon Muplodocus
6%
7 Eau Oratoria
6%
6 Fée Oratoria
6%
10 Feu Pyrax
6%
4 Insecte Pyrax
6%
5 Insecte Scarhino
6%
6 Combat Scarhino
6%
7 Sol Scorvol
6%
10 Dragon Tranchodon
6%
4 Feu Typhlosion
6%
5 Electrik Zeraora
6%
4 Ténèbres Zoroark
6%
8 Glace Bekaglaçon
0%
4 Glace Beldeneige
0%
9 Combat Brutalibré
0%
9 Roche Caratroc
0%
4 Fée Charmilly
0%
6 Normal Chelours
0%
5 Combat Chelours
0%
5 Glace Dimoret
0%
10 Glace Dragmara
0%
8 Roche Dragmara
0%
10 Plante Farfaduvet
0%
9 Fée Farfaduvet
0%
3 Normal Fouinar
0%
1 Glace Frissonille
0%
1 Insecte Frissonille
0%
9 Spectre Funécire
0%
4 Roche Galekid
0%
8 Acier Galekid
0%
7 Combat Hexadron
0%
8 Insecte Lucanon
0%
8 Poison Malamandre
0%
6 Sol Maraiste
0%
8 Normal Meloetta
0%
10 Electrik Morpeko
0%
4 Normal Moumouton
0%
6 Insecte Mouscoto
0%
8 Combat Mouscoto
0%
4 Combat Palarticho
0%
4 Electrik Pharamp
0%
5 Roche Rexillius
0%
6 Roche Rocabot
0%
1 Electrik Salarsen
0%
3 Poison Salarsen
0%
3 Insecte Sarmuraï
0%
10 Insecte Scarabrute
0%
9 Insecte Scolocendre
0%
9 Normal Silvallié
0%
10 Psy Sorcilence
0%
8 Fée Sorcilence
0%
6 Electrik Voltoutou
0%
Aucun quiz correspondant
Distribution des résultats
% des personnes avec chaque résultat
Percentile par nombre de réponses
Votre historique - résultats
Vous n’avez pas pris ce quiz